[Event "Torneo Grandi Maestri"]
[Site "Frascati ITA"]
[Date "2005.05.21"]
[Round "1"]
[White "Vocaturo, Daniele"]
[Black "Guliyev, Namig"]
[Result "0-1"]
[WhiteElo "2303"]
[BlackElo "2526"]
[PlyCount "174"]
[EventDate "2005.05.21"]

1. e4 c5 2. Nf3 d6 3. d4 cxd4 4. Nxd4 Nf6 5. Nc3 a6 6. Be2 e5 7. Nb3 Be7 8. Bg5
Be6 9. Bxf6 Bxf6 10. Qd3 O-O 11. O-O-O Be7 12. Nd5 Bg5+ 13. Kb1 Nd7 14. h4 Bxh4
15. g3 Bf6 16. f4 Rc8 17. g4 Re8 18. g5 Be7 19. f5 Bxd5 20. Rxh7 Bxg5 21. Qh3
Kf8 22. exd5 Nf6 23. Rh8+ Ke7 24. Rxe8+ Qxe8 25. c4 b6 26. c5 bxc5 27. Bxa6 Ra8
28. Bb7 Ra7 29. Bc6 Qb8 30. a3 Qb6 31. Qc3 Bf4 32. Qc4 Ng4 33. Re1 Kf8 34. Qxf4
Qxb3 35. Qxg4 Rxa3 36. Qd1 Qa2+ 37. Kc1 Rb3 38. Qc2 c4 39. Rh1 Ke7 40. Qb1 Qa7
41. Qc2 Rf3 42. Kb1 c3 43. bxc3 Qc5 44. Rc1 Kf6 45. Qa4 Rf4 46. Qb5 Qa7 47. Qb7
Qxb7+ 48. Bxb7 Kxf5 49. c4 Kf6 50. Ka2 e4 51. Kb3 Ke5 52. c5 dxc5 53. Rxc5 e3
54. Rc8 Rd4 55. Kc3 Rd1 56. Re8+ Kf4 57. d6 f5 58. Re6 e2 59. Rxe2 Rxd6 60.
Rf2+ Ke5 61. Re2+ Kf6 62. Rd2 Rb6 63. Bd5 g5 64. Kd4 g4 65. Rc2 Kg5 66. Ke3 f4+
67. Kf2 Kh4 68. Kg2 Rd6 69. Rc5 Rb6 70. Rc2 Rd6 71. Rc5 Ra6 72. Rc8 Rd6 73. Rc5
Rd7 74. Rb5 Rc7 75. Rb2 Rc3 76. Rd2 Rg3+ 77. Kf2 Kh3 78. Rd1 Kh4 79. Rh1+ Kg5
80. Rd1 Rh3 81. Bg2 Rb3 82. Rd2 Kh4 83. Be4 Kh3 84. Rd3+ g3+ 85. Kf1 Rxd3 86.
Bxd3 g2+ 87. Kg1 Kg3 0-1

[Event "Torneo Grandi Maestri"]
[Site "Frascati ITA"]
[Date "2005.05.22"]
[Round "2"]
[White "Bruno, Fabio"]
[Black "Vocaturo, Daniele"]
[Result "1-0"]
[WhiteElo "2374"]
[BlackElo "2303"]
[PlyCount "71"]
[EventDate "2005.05.21"]

1. c4 Nf6 2. d4 g6 3. Nc3 Bg7 4. e4 d6 5. f4 O-O 6. Nf3 Na6 7. e5 Nd7 8. Be2
dxe5 9. dxe5 Ndc5 10. Be3 Bg4 11. O-O f6 12. b4 Ne6 13. a3 c6 14. exf6 exf6 15.
f5 gxf5 16. Nh4 Bxe2 17. Nxe2 f4 18. Nxf4 Nxf4 19. Rxf4 Qe8 20. Nf5 Rd8 21. Qg4
Rd7 22. Re4 h5 23. Rxe8 hxg4 24. Nxg7 Kxg7 25. Bh6+ Kxh6 26. Rxf8 Kg7 27. Ra8
Nc7 28. Rxa7 Ne6 29. b5 cxb5 30. cxb5 Kg6 31. Ra4 f5 32. Rc4 Kg5 33. a4 Rd2 34.
a5 Nf4 35. a6 Nxg2 36. axb7 1-0

[Event "Torneo Grandi Maestri"]
[Site "Frascati ITA"]
[Date "2005.05.22"]
[Round "2"]
[White "Corvi, Marco"]
[Black "Khenkin, Igor"]
[Result "0-1"]
[WhiteElo "2325"]
[BlackElo "2610"]
[PlyCount "92"]
[EventDate "2005.05.21"]

1. e4 c6 2. d4 d5 3. e5 c5 4. c4 Nc6 5. Nf3 Bg4 6. cxd5 Qxd5 7. Nc3 Bxf3 8.
gxf3 Qxd4 9. Be3 Qxd1+ 10. Rxd1 e6 11. Bb5 Rc8 12. Ke2 a6 13. Bxc6+ Rxc6 14.
Rd2 Be7 15. Rhd1 Rc7 16. Ne4 f6 17. Bf4 f5 18. Nf6+ Kf7 19. Nd5 exd5 20. e6+
Kxe6 21. Bxc7 Nf6 22. Kd3 Rc8 23. Re2+ Kf7 24. Be5 Nh5 25. Kc2 d4 26. a4 Rc6
27. Ree1 Bh4 28. Bg3 Bf6 29. Be5 Bh4 30. Bg3 Nxg3 31. fxg3 Bf6 32. g4 c4 33.
gxf5 d3+ 34. Kc1 Rb6 35. Re6 Bxb2+ 36. Kd2 Rb3 37. Ke3 Bf6 38. a5 Rb2 39. Rb6
Re2+ 40. Kf4 Be5+ 41. Kg4 Rg2+ 42. Kh4 Rxh2+ 43. Kg4 Rg2+ 44. Kh4 Rb2 45. Re6
Bf6+ 46. Kg4 d2 0-1

[Event "Torneo Grandi Maestri"]
[Site "Frascati ITA"]
[Date "2005.05.22"]
[Round "2"]
[White "Garcia Palermo, Carlos Horacio"]
[Black "Rombaldoni, Denis"]
[Result "1-0"]
[WhiteElo "2459"]
[BlackElo "2336"]
[PlyCount "191"]
[EventDate "2005.05.21"]

1. d4 Nf6 2. Nf3 e6 3. Bg5 Be7 4. e3 b6 5. c4 Bb7 6. Nc3 h6 7. Bh4 O-O 8. Be2
d5 9. Bxf6 Bxf6 10. cxd5 exd5 11. b4 Qd6 12. Rb1 Nc6 13. Qb3 Nd8 14. O-O Ne6
15. Rfd1 g6 16. Bf1 Bg7 17. g3 a6 18. Bg2 c6 19. Rd2 Rfb8 20. a4 b5 21. Ne1 Bc8
22. Nd3 Ra7 23. Ra1 Rba8 24. Rda2 Qb8 25. Ra3 Qb6 26. Qa2 Nc7 27. axb5 Nxb5 28.
Nxb5 Qxb5 29. Bf1 Qb6 30. Nc5 Bf8 31. Ra4 Qc7 32. Qd2 Be7 33. Ra5 Bd8 34. Bxa6
Qb8 35. R5a2 Bxa6 36. Rxa6 Rxa6 37. Rxa6 Rxa6 38. Nxa6 Qb5 39. Nc5 Be7 40. h4
h5 41. Qa2 Kg7 42. Qa7 Bxc5 43. Qxc5 Qb7 44. Qd6 Kh7 45. Kg2 Kg8 46. g4 hxg4
47. Kg3 Qc8 48. Qe5 Qd7 49. h5 gxh5 50. Kh4 Qb7 51. Kxh5 Qxb4 52. Qg5+ Kf8 53.
Qh6+ Kg8 54. Qxc6 Qc4 55. Qe8+ Kg7 56. Qe5+ Kf8 57. Kxg4 Qc6 58. Qh8+ Ke7 59.
Qe5+ Kf8 60. Qf5 Qd6 61. Kg5 Kg7 62. Qf4 Qc6 63. Kh5 Qg6+ 64. Kh4 Qc6 65. Qg5+
Kh7 66. Kg4 Qd6 67. Kf3 Qc6 68. Kf4 Qd6+ 69. Kg4 Qc6 70. Qh4+ Kg7 71. Qe7 Kg6
72. Kf4 f6 73. f3 Qb5 74. Qe6 Qb8+ 75. Kg4 Qd8 76. f4 Kh6 77. Kf3 Kg6 78. Kg3
Kg7 79. f5 Kh8 80. Kf2 Kg7 81. Kf3 Kh8 82. Qf7 Qd6 83. Qh5+ Kg7 84. Qg4+ Kf8
85. Qh4 Qa6 86. Qh8+ Kf7 87. Qh5+ Kf8 88. Qh3 Kf7 89. Kf4 Kg7 90. Qg2+ Kf8 91.
Qxd5 Qf1+ 92. Qf3 Qc4 93. Kg3 Qc7+ 94. Qf4 Qg7+ 95. Kf2 Qb7 96. Qh6+ 1-0

[Event "Torneo Grandi Maestri"]
[Site "Frascati ITA"]
[Date "2005.05.22"]
[Round "2"]
[White "Miladinovic, Igor"]
[Black "Guliyev, Namig"]
[Result "1/2-1/2"]
[WhiteElo "2604"]
[BlackElo "2526"]
[PlyCount "54"]
[EventDate "2005.05.21"]

1. d4 d5 2. c4 dxc4 3. e3 Nf6 4. Bxc4 e6 5. Nc3 a6 6. a4 c5 7. Nf3 Nc6 8. O-O
Be7 9. Qe2 cxd4 10. Rd1 e5 11. exd4 exd4 12. Nxd4 Nxd4 13. Qe5 Qd6 14. Qxd4
Qxd4 15. Rxd4 O-O 16. Bf4 Be6 17. Bxe6 fxe6 18. Bd6 Rfd8 19. Rad1 Kf7 20. Kf1
Rac8 21. Bxe7 Kxe7 22. Ke2 Rxd4 23. Rxd4 b6 24. h4 e5 25. Rb4 Rc6 26. Kd3 Ke6
27. Rc4 Rd6+ 1/2-1/2

[Event "Torneo Grandi Maestri"]
[Site "Frascati ITA"]
[Date "2005.05.22"]
[Round "2"]
[White "Ronchetti, Niccolo'"]
[Black "Ortega, Lexy"]
[Result "1-0"]
[WhiteElo "2364"]
[BlackElo "2439"]
[PlyCount "64"]
[EventDate "2005.05.21"]

1. e4 c6 2. d4 d5 3. exd5 cxd5 4. c4 Nf6 5. Nc3 e6 6. Bg5 dxc4 7. Bxc4 Be7 8.
Nf3 Nc6 9. O-O O-O 10. Rc1 b6 11. Qe2 Bb7 12. Rfd1 Nd5 13. Bd2 Nxc3 14. bxc3
Rc8 15. Bd3 Bf6 16. h4 Re8 17. Ng5 h6 18. Qh5 Rc7 19. Bf4 Rd7 20. Re1 e5 21.
Bh7+ Kf8 22. d5 Na5 23. Bf5 hxg5 24. Bxg5 Rxd5 25. Qh8+ Ke7 26. Qxg7 Bxg5 27.
hxg5 Kd6 28. Be4 Kc7 29. g6 Rd7 30. gxf7 Bxe4 31. fxe8=Q Qxe8 32. Qg3 Bc6 1-0

[Event "Torneo Grandi Maestri"]
[Site "Frascati ITA"]
[Date "2005.05.23"]
[Round "3"]
[White "Ortega, Lexy"]
[Black "Garcia Palermo, Carlos Horacio"]
[Result "0-1"]
[WhiteElo "2439"]
[BlackElo "2459"]
[PlyCount "56"]
[EventDate "2005.05.21"]

1. e4 c6 2. c4 d5 3. exd5 Nf6 4. Nc3 cxd5 5. cxd5 Nxd5 6. Bc4 Nb6 7. Bb3 g6 8.
Qf3 e6 9. d4 Bg7 10. Nge2 Nc6 11. O-O O-O 12. Rd1 Na5 13. Bc2 Bd7 14. Qg3 Bc6
15. h4 Nac4 16. h5 Nd6 17. hxg6 fxg6 18. Nf4 Qf6 19. Bb3 Rae8 20. Nxe6 Rxe6 21.
Bg5 Qf7 22. d5 Nxd5 23. Nxd5 Ne4 24. Ne7+ Kh8 25. Qh4 Nxg5 26. Nxc6 Qf6 27.
Bxe6 Nf3+ 28. gxf3 Qxh4 0-1

[Event "Torneo Grandi Maestri"]
[Site "Frascati ITA"]
[Date "2005.05.23"]
[Round "3"]
[White "Rombaldoni, Denis"]
[Black "Corvi, Marco"]
[Result "1-0"]
[WhiteElo "2336"]
[BlackElo "2325"]
[PlyCount "59"]
[EventDate "2005.05.21"]

1. d4 f5 2. g3 Nf6 3. Bg2 d6 4. d5 c6 5. c4 g6 6. Nc3 Bg7 7. Nh3 O-O 8. Nf4 e5
9. dxe6 Qe7 10. O-O Na6 11. Rb1 Nc5 12. b4 Nxe6 13. b5 Bd7 14. Ba3 Nc5 15. bxc6
Bxc6 16. Ncd5 Nxd5 17. cxd5 Ba4 18. Qd2 Rfc8 19. Ne6 Nxe6 20. dxe6 Bc6 21. Bd5
Bxd5 22. Qxd5 Rc6 23. e4 fxe4 24. Rfe1 Rf8 25. Qxe4 Rf5 26. Rxb7 Qxb7 27. e7
Re5 28. Qxe5 Bxe5 29. e8=Q+ Kg7 30. Rxe5 1-0

[Event "Torneo Grandi Maestri"]
[Site "Frascati ITA"]
[Date "2005.05.23"]
[Round "3"]
[White "Vocaturo, Daniele"]
[Black "Ronchetti, Niccolo'"]
[Result "0-1"]
[WhiteElo "2303"]
[BlackElo "2364"]
[PlyCount "60"]
[EventDate "2005.05.21"]

1. e4 c5 2. Nf3 Nc6 3. d4 cxd4 4. Nxd4 Nf6 5. Nc3 e5 6. Ndb5 d6 7. Bg5 a6 8.
Na3 b5 9. Nd5 Be7 10. Bxf6 Bxf6 11. c3 Bg5 12. Nc2 Rb8 13. a4 bxa4 14. Ncb4 Bd7
15. Bxa6 Nxb4 16. Nxb4 Qa5 17. Qxd6 Rb6 18. Qd3 Be7 19. Rd1 Bg4 20. Nc6 Rxc6
21. Bb5 O-O 22. Bxc6 Bxd1 23. Qxd1 a3 24. b4 Bxb4 25. cxb4 Qxb4+ 26. Qd2 Qb1+
27. Qd1 a2 28. Ke2 Rb8 29. Qa4 Qb2+ 30. Kf3 Qb3+ 0-1

[Event "Torneo Grandi Maestri"]
[Site "Frascati ITA"]
[Date "2005.05.24"]
[Round "4"]
[White "Corvi, Marco"]
[Black "Ortega, Lexy"]
[Result "0-1"]
[WhiteElo "2325"]
[BlackElo "2439"]
[PlyCount "70"]
[EventDate "2005.05.21"]

1. e4 c5 2. Nf3 Nc6 3. d4 cxd4 4. Nxd4 Nf6 5. Nc3 e5 6. Nb3 Bb4 7. Bg5 h6 8.
Bxf6 Bxc3+ 9. bxc3 Qxf6 10. Bc4 d6 11. Bd5 Ne7 12. Na5 O-O 13. Bxb7 Rb8 14.
Bxc8 Rfxc8 15. c4 Rc5 16. Qd2 Qg5 17. Qxg5 hxg5 18. Nb3 Rxc4 19. O-O-O Rbc8 20.
Rxd6 Rxc2+ 21. Kb1 Rxf2 22. Rd7 Ng6 23. Rxa7 Rxg2 24. Nc1 Nf4 25. a4 Rb8+ 26.
Ka1 Ne6 27. a5 Nd4 28. a6 Rgb2 29. Rb7 R8xb7 30. axb7 Rxb7 31. Nd3 f6 32. h4
gxh4 33. Rxh4 Nc2+ 34. Ka2 Nb4+ 35. Nxb4 Rxb4 0-1

[Event "Torneo Grandi Maestri"]
[Site "Frascati ITA"]
[Date "2005.05.24"]
[Round "4"]
[White "Garcia Palermo, Carlos Horacio"]
[Black "Vocaturo, Daniele"]
[Result "0-1"]
[WhiteElo "2459"]
[BlackElo "2303"]
[PlyCount "162"]
[EventDate "2005.05.21"]

1. Nf3 d6 2. d4 Nf6 3. Nbd2 Bf5 4. g3 c6 5. Bg2 h6 6. O-O e6 7. b3 Be7 8. Bb2
O-O 9. c4 d5 10. e3 Nbd7 11. Qe2 Bh7 12. Rfd1 Qb8 13. Rac1 Bd6 14. Ne1 a5 15.
Nd3 a4 16. c5 Bc7 17. b4 e5 18. Nxe5 Nxe5 19. dxe5 Bxe5 20. Nf3 Bxb2 21. Qxb2
Be4 22. Nd4 Qe5 23. f3 Bf5 24. Qc3 Nd7 25. b5 Rfc8 26. bxc6 bxc6 27. e4 dxe4
28. Nxf5 Qxf5 29. fxe4 Qe6 30. Rd6 Qe7 31. Bh3 Rd8 32. Bxd7 Rxd7 33. e5 Re8 34.
Re1 Rc7 35. Qc4 Qg5 36. Qf4 Rce7 37. h4 Qh5 38. Rxc6 Rxe5 39. Rxe5 Rxe5 40.
Rc8+ Kh7 41. g4 Re1+ 42. Kg2 Qd5+ 43. Kf2 Re5 44. Rd8 Qxc5+ 45. Qd4 Qc2+ 46.
Qd2 Rc5 47. Rd3 Rc3 48. Rd7 a3 49. h5 f5 50. Qxc2 Rxc2+ 51. Kg3 fxg4 52. Ra7
Rxa2 53. Kxg4 Rg2+ 54. Kh4 Ra2 55. Ra8 Ra1 56. Kg3 a2 57. Kg2 Rb1 58. Rxa2 Rb5
59. Ra6 Rxh5 60. Rb6 Rc5 61. Kh2 h5 62. Kg3 g6 63. Rb3 Kh6 64. Kh3 Rc4 65. Ra3
h4 66. Ra8 Kh5 67. Rh8+ Kg5 68. Ra8 Rc3+ 69. Kh2 Kh5 70. Ra2 g5 71. Rb2 h3 72.
Rb4 g4 73. Rb8 Rc2+ 74. Kg1 Kh4 75. Rb1 g3 76. Rb4+ Kg5 77. Rb5+ Kf6 78. Rb1
Rc4 79. Rf1+ Kg5 80. Ra1 Kg4 81. Kh1 h2 0-1

[Event "Torneo Grandi Maestri"]
[Site "Frascati ITA"]
[Date "2005.05.24"]
[Round "4"]
[White "Khenkin, Igor"]
[Black "Rombaldoni, Denis"]
[Result "0-1"]
[WhiteElo "2610"]
[BlackElo "2336"]
[PlyCount "146"]
[EventDate "2005.05.21"]

1. d4 Nf6 2. c4 e6 3. Nf3 b6 4. Nc3 Bb7 5. a3 d5 6. cxd5 Nxd5 7. e3 Be7 8. Bb5+
c6 9. Bd3 O-O 10. Qc2 h6 11. O-O c5 12. e4 Nxc3 13. bxc3 Qc8 14. Qe2 Ba6 15.
Rd1 Bxd3 16. Rxd3 Nd7 17. Bf4 cxd4 18. cxd4 Qa6 19. Rad1 Rfd8 20. Bxh6 gxh6 21.
Ne5 Qa4 22. Rg3+ Kf8 23. Nxf7 Nf6 24. Nxd8 Rxd8 25. e5 Nd5 26. Qh5 Nf4 27.
Qxh6+ Ke8 28. Rg8+ Kd7 29. Rxd8+ Kxd8 30. Re1 Qxd4 31. Qh8+ Kd7 32. Qh7 Qd2 33.
Qb1 Ne2+ 34. Kf1 Nc3 35. Qh7 a5 36. g3 Qd5 37. f4 Qf3+ 38. Kg1 Ne2+ 39. Rxe2
Qxe2 40. h4 b5 41. h5 b4 42. axb4 axb4 43. h6 b3 44. f5 Qd1+ 45. Kg2 Qc2+ 46.
Kh3 Qxf5+ 47. Qxf5 exf5 48. h7 b2 49. h8=Q b1=Q 50. e6+ Kxe6 51. Qg8+ Kd6 52.
Kh2 Qc2+ 53. Kh3 Qe4 54. Kh2 Qe2+ 55. Kh3 Qh5+ 56. Kg2 Qg5 57. Qc8 Bd8 58. Qa6+
Ke7 59. Qa3+ Kf7 60. Qd6 Be7 61. Qd5+ Kg7 62. Qd7 Qf6 63. Kh3 Qe5 64. Kh2 Kh6
65. Qd2+ Kg6 66. Qa2 Bd6 67. Qg8+ Kh6 68. Kh3 Qg7 69. Qe6+ Qg6 70. Qe3+ Kh7 71.
Qd3 Qg4+ 72. Kh2 Qh4+ 73. Kg2 Qe4+ 0-1

[Event "Torneo Grandi Maestri"]
[Site "Frascati ITA"]
[Date "2005.05.24"]
[Round "4"]
[White "Miladinovic, Igor"]
[Black "Bruno, Fabio"]
[Result "0-1"]
[WhiteElo "2604"]
[BlackElo "2374"]
[PlyCount "73"]
[EventDate "2005.05.21"]

1. d4 d5 2. Bg5 h6 3. Bh4 c6 4. Nf3 Qb6 5. Qc1 g5 6. Bg3 g4 7. Ne5 Qxd4 8. e3
Qc5 9. c4 Bg7 10. Nc3 dxc4 11. Nxc4 Be6 12. Nd2 Nf6 13. Bd3 Nbd7 14. a3 Ne5 15.
Be2 Rd8 16. Qc2 Nd5 17. Nb3 Nxe3 18. fxe3 Qxe3 19. Nc1 Nc4 20. Bf2 Rd2 21. Qb1
Qe5 22. Qe4 Rxb2 23. O-O Qxc3 24. Nd3 Nd6 25. Qe3 Rc2 26. Rac1 Rxc1 27. Rxc1
Qxa3 28. Qf4 O-O 29. Bc5 Qb3 30. Be3 Nc4 31. Bc5 Nd6 32. Be3 Nc4 33. Bc5 Rd8
34. Nf2 Ne5 35. Bxe7 Rd4 36. Ne4 f5 37. Qg3 0-1

[Event "Torneo Grandi Maestri"]
[Site "Frascati ITA"]
[Date "2005.05.24"]
[Round "4"]
[White "Ronchetti, Niccolo'"]
[Black "Guliyev, Namig"]
[Result "1-0"]
[WhiteElo "2364"]
[BlackElo "2526"]
[PlyCount "61"]
[EventDate "2005.05.21"]

1. e4 c5 2. Nf3 d6 3. d4 cxd4 4. Nxd4 Nf6 5. Nc3 a6 6. Be3 e6 7. g4 h6 8. h4 b5
9. a3 Bb7 10. Bg2 h5 11. g5 Ng4 12. g6 Nxe3 13. gxf7+ Kxf7 14. fxe3 Rh6 15. Bh3
Qxh4+ 16. Kd2 Qf2+ 17. Nce2 Ke7 18. Rf1 Qh2 19. Bxe6 Rxe6 20. Nxe6 Nd7 21. Nxf8
Nxf8 22. Rh1 Qe5 23. Nc3 g6 24. Qg1 Rc8 25. Rf1 Bxe4 26. Qf2 Nd7 27. Qh4+ Nf6
28. Nxe4 Qxe4 29. Qxf6+ Kd7 30. Qf7+ Kc6 31. Qf3 1-0

[Event "Torneo Grandi Maestri"]
[Site "Frascati ITA"]
[Date "2005.05.25"]
[Round "5"]
[White "Bruno, Fabio"]
[Black "Ronchetti, Niccolo'"]
[Result "1-0"]
[WhiteElo "2374"]
[BlackElo "2364"]
[PlyCount "103"]
[EventDate "2005.05.21"]

1. d4 Nf6 2. c4 c6 3. Nc3 d5 4. e3 Bg4 5. f3 Bf5 6. g4 Bc8 7. g5 Nfd7 8. cxd5
cxd5 9. f4 Nb6 10. h4 Nc6 11. Bd3 f5 12. Qh5+ g6 13. Qe2 Be6 14. h5 Rg8 15.
hxg6 hxg6 16. Nf3 Qd7 17. Kf2 Bg7 18. Rh7 O-O-O 19. Bd2 Kb8 20. Kg2 Nc4 21. Na4
b6 22. b3 Nd6 23. Rc1 Rc8 24. Ba6 Rc7 25. Nb2 Ne4 26. Nd3 Qd6 27. Be1 Bc8 28.
Bb5 Nxd4 29. exd4 Rxc1 30. Nxc1 Qxf4 31. Nd3 Qg4+ 32. Kf1 Rh8 33. Rxh8 Bxh8 34.
Qg2 Nd6 35. Bg3 Qe4 36. Bxd6+ exd6 37. Nde1 Bxd4 38. Bd3 Qe3 39. Qe2 Bd7 40.
Qxe3 Bxe3 41. Ng2 Bc1 42. Ke2 Be8 43. Kd1 Bb2 44. Nf4 Kb7 45. Nh4 Bd4 46. Ke2
Bb2 47. Kd2 Bd4 48. Nhxg6 Bg1 49. Ne7 d4 50. Nxf5 Kc6 51. Ke2 Bh2 52. Nxd4+ 1-0

[Event "Torneo Grandi Maestri"]
[Site "Frascati ITA"]
[Date "2005.05.25"]
[Round "5"]
[White "Guliyev, Namig"]
[Black "Garcia Palermo, Carlos Horacio"]
[Result "1/2-1/2"]
[WhiteElo "2526"]
[BlackElo "2459"]
[PlyCount "95"]
[EventDate "2005.05.21"]

1. e4 e5 2. Nf3 Nc6 3. Bb5 a6 4. Ba4 Nf6 5. O-O Be7 6. Re1 b5 7. Bb3 d6 8. c3
O-O 9. h3 Re8 10. d4 Bf8 11. Nbd2 Na5 12. Bc2 c5 13. b3 cxd4 14. cxd4 exd4 15.
Nxd4 Bb7 16. Bb2 g6 17. a4 b4 18. Rc1 Bh6 19. Bb1 d5 20. e5 Ne4 21. Nxe4 dxe4
22. Bxe4 Rxe5 23. Bxb7 Rxe1+ 24. Qxe1 Bxc1 25. Nc6 Nxc6 26. Qxc1 Nd4 27. Qc4
Ra7 28. Bxa6 Rd7 29. Qxb4 Qf6 30. Qe1 Rd8 31. Bxd4 Rxd4 32. Bc4 Kg7 33. a5 Qd6
34. Bf1 Rd1 35. Qe2 Rb1 36. Qc4 Qd2 37. a6 Rc1 38. Qb5 Qd4 39. g3 Rc2 40. Be2
Qb2 41. Kf1 Qa1+ 42. Kg2 Ra2 43. g4 Qb2 44. Kf3 Qf6+ 45. Kg3 Qb2 46. Kf3 Qf6+
47. Kg3 Qb2 48. Kf3 1/2-1/2

[Event "Torneo Grandi Maestri"]
[Site "Frascati ITA"]
[Date "2005.05.25"]
[Round "5"]
[White "Ortega, Lexy"]
[Black "Khenkin, Igor"]
[Result "1/2-1/2"]
[WhiteElo "2439"]
[BlackElo "2610"]
[PlyCount "82"]
[EventDate "2005.05.21"]

1. e4 c6 2. c4 d5 3. cxd5 cxd5 4. exd5 Nf6 5. Nc3 Nxd5 6. Nf3 Nc6 7. Bb5 e6 8.
O-O Be7 9. d4 O-O 10. Re1 Qd6 11. a3 Rd8 12. Ne4 Qc7 13. Qc2 Ne5 14. Qb3 Nxf3+
15. Qxf3 Bd7 16. Bd3 h6 17. b4 a6 18. Bd2 Bc6 19. Rac1 Rac8 20. Bb1 Qb8 21. Qd3
Bb5 22. Qb3 Rxc1 23. Bxc1 Qc7 24. Nc5 Bc6 25. g3 Nf6 26. Bf4 Bd6 27. Be5 Bxe5
28. dxe5 Nd7 29. Nxd7 Qxd7 30. Be4 Bxe4 31. Rxe4 Qd2 32. Kg2 b5 33. Qf3 Rd3 34.
Re3 Rxe3 35. Qxe3 Qd5+ 36. Kg1 g5 37. h3 Kg7 38. Kh2 Kg6 39. g4 h5 40. h4 gxh4
41. Qf4 hxg4 1/2-1/2

[Event "Torneo Grandi Maestri"]
[Site "Frascati ITA"]
[Date "2005.05.25"]
[Round "5"]
[White "Rombaldoni, Denis"]
[Black "Miladinovic, Igor"]
[Result "0-1"]
[WhiteElo "2336"]
[BlackElo "2604"]
[PlyCount "82"]
[EventDate "2005.05.21"]

1. d4 d5 2. c4 Bf5 3. cxd5 Bxb1 4. Qa4+ Qd7 5. Qxd7+ Nxd7 6. Rxb1 Ngf6 7. Bd2
Nb6 8. f3 Nfxd5 9. e4 Nf6 10. Bd3 c6 11. Ne2 e6 12. Kf2 a5 13. b4 axb4 14. Bxb4
Nfd7 15. a3 Bxb4 16. axb4 Ra3 17. Rhd1 Ke7 18. Nc1 Na4 19. Rb3 Ra1 20. Be2 e5
21. d5 cxd5 22. exd5 Kd6 23. Nd3 Rxd1 24. Bxd1 Rc8 25. Ra3 Nc3 26. Bb3 Nb5 27.
Ra5 Rc3 28. Ke3 e4 29. fxe4 Ne5 30. Rxb5 Rxd3+ 31. Kf4 Rxb3 32. Rxb7 Rxb4 33.
Ra7 Ng6+ 34. Kf5 Ne7+ 35. Kf4 Nxd5+ 36. Kf3 Rb3+ 37. Kg4 Ne3+ 38. Kh5 Rb5+ 39.
Kh4 Nxg2+ 40. Kh3 Nf4+ 41. Kg4 Ng6 0-1

[Event "Torneo Grandi Maestri"]
[Site "Frascati ITA"]
[Date "2005.05.25"]
[Round "5"]
[White "Vocaturo, Daniele"]
[Black "Corvi, Marco"]
[Result "0-1"]
[WhiteElo "2303"]
[BlackElo "2325"]
[PlyCount "82"]
[EventDate "2005.05.21"]

1. e4 c5 2. Nf3 e6 3. d4 cxd4 4. Nxd4 a6 5. Nc3 Qc7 6. Be2 Nc6 7. O-O Nf6 8.
Be3 Bb4 9. Na4 O-O 10. c4 Be7 11. Nc3 Bb4 12. Na4 Be7 13. Rc1 Nxe4 14. c5 f5
15. g3 Nxd4 16. Qxd4 Bf6 17. Qb4 Bg5 18. f4 Be7 19. Rfd1 b5 20. Nb6 Qxb6 21.
Qxe4 Bxc5 22. Bxc5 Qxc5+ 23. Rxc5 fxe4 24. Rd6 Kf7 25. Rc7 Ke7 26. Rd1 Kd8 27.
Rdc1 Rb8 28. Ra7 Bb7 29. a4 bxa4 30. Bxa6 Bc6 31. Rc2 Rf5 32. Be2 Rb6 33. Kf2
Rd5 34. Ra6 Rxa6 35. Bxa6 Rd4 36. Bc4 Bd5 37. Be2 Rb4 38. Ke3 Ke7 39. g4 h6 40.
f5 Rb3+ 41. Kf4 Kf6 0-1

[Event "Torneo Grandi Maestri"]
[Site "Frascati ITA"]
[Date "2005.05.26"]
[Round "6"]
[White "Corvi, Marco"]
[Black "Guliyev, Namig"]
[Result "1/2-1/2"]
[WhiteElo "2325"]
[BlackElo "2526"]
[PlyCount "119"]
[EventDate "2005.05.21"]

1. c4 Nf6 2. Nc3 e5 3. Nf3 Nc6 4. e3 Be7 5. d4 exd4 6. Nxd4 Nxd4 7. Qxd4 O-O 8.
Be2 d6 9. O-O Be6 10. Bf3 c6 11. b3 Nd7 12. Bb2 Ne5 13. Be2 f5 14. f4 Nd7 15.
Ne4 Nf6 16. Ng5 Bd7 17. Rad1 h6 18. Nf3 Be6 19. Bd3 Qa5 20. Bb1 c5 21. Qd3 Rad8
22. Nh4 Ne4 23. Ng6 Rf7 24. g4 Rd7 25. Qe2 Rc7 26. Qg2 Bf6 27. gxf5 Bxf5 28.
Bxe4 Bxe4 29. Qxe4 Bxb2 30. Qe8+ Kh7 31. Nf8+ Rxf8 32. Qxf8 Bf6 33. Qxd6 Rc8
34. Qd7 Rf8 35. Rf2 Kh8 36. Qxb7 Qc3 37. Qe4 a5 38. Kg2 Qb4 39. Rfd2 a4 40.
bxa4 Qxa4 41. Qe6 Re8 42. Qd7 Qa8+ 43. Qd5 Qc8 44. Qf3 Qa6 45. Qe2 Bd4 46. Rxd4
cxd4 47. Rxd4 Qc6+ 48. Rd5 Qg6+ 49. Kf2 Qe4 50. Re5 Rxe5 51. fxe5 Qxe5 52. Kf1
Qe4 53. Kf2 Qf5+ 54. Ke1 Qb1+ 55. Kf2 Qf5+ 56. Kg3 Qe5+ 57. Kg2 Qe4+ 58. Kg1
Qg6+ 59. Kf1 Qb1+ 60. Kf2 1/2-1/2

[Event "Torneo Grandi Maestri"]
[Site "Frascati ITA"]
[Date "2005.05.26"]
[Round "6"]
[White "Garcia Palermo, Carlos Horacio"]
[Black "Bruno, Fabio"]
[Result "1/2-1/2"]
[WhiteElo "2459"]
[BlackElo "2374"]
[PlyCount "33"]
[EventDate "2005.05.21"]

1. d4 d5 2. c4 c6 3. Nf3 Nf6 4. Nc3 e6 5. cxd5 exd5 6. Bg5 Be7 7. Qc2 Nbd7 8.
e3 O-O 9. Bd3 Re8 10. O-O Nf8 11. Rab1 g6 12. b4 a6 13. Rfc1 Ne6 14. Bh4 Ng7
15. a4 Bf5 16. Bxf5 Nxf5 17. Bxf6 1/2-1/2

[Event "Torneo Grandi Maestri"]
[Site "Frascati ITA"]
[Date "2005.05.26"]
[Round "6"]
[White "Khenkin, Igor"]
[Black "Vocaturo, Daniele"]
[Result "0-1"]
[WhiteElo "2610"]
[BlackElo "2303"]
[PlyCount "132"]
[EventDate "2005.05.21"]

1. d4 Nf6 2. c4 g6 3. Nc3 Bg7 4. e4 d6 5. f3 O-O 6. Nge2 c5 7. d5 e6 8. Ng3
exd5 9. cxd5 a6 10. a4 Nbd7 11. Be2 h5 12. Bg5 Qc7 13. Qd2 c4 14. O-O Rb8 15.
Rfc1 b5 16. axb5 axb5 17. b4 cxb3 18. Nxb5 Qd8 19. Kh1 h4 20. Nf1 h3 21. Rab1
Ba6 22. Rxb3 Nc5 23. Rbb1 Qd7 24. Qa5 hxg2+ 25. Kxg2 Bc8 26. Ng3 Qh3+ 27. Kh1
Nfxe4 28. fxe4 Nxe4 29. Bf4 Nf2+ 30. Kg1 Rxb5 31. Rxb5 Bd4 32. Qd2 Nd3+ 33. Be3
Qh6 34. Bxd4 Qxd2 35. Rd1 Qf4 36. Rxd3 Ba6 37. Rbb3 Bxd3 38. Rxd3 Re8 39. Bf2
Qc4 40. Bf1 Qc1 41. Kg2 Qg5 42. Rd4 Rb8 43. h4 Qe5 44. Be2 f5 45. Rd2 Rb3 46.
Bd1 Rc3 47. Ne2 Qe4+ 48. Kf1 Rf3 49. Ng3 Rxf2+ 50. Rxf2 Qd3+ 51. Be2 Qxg3 52.
h5 g5 53. Rf3 Qh4 54. Bd3 f4 55. Bf5 Qxh5 56. Kg2 Qe8 57. Be6+ Kg7 58. Rb3 Qa8
59. Kh3 Kf6 60. Rf3 Qa2 61. Bg4 Qxd5 62. Kg2 Kg6 63. Kg1 Qd1+ 64. Kf2 d5 65.
Be6 Qd2+ 66. Kg1 Qe1+ 0-1

[Event "Torneo Grandi Maestri"]
[Site "Frascati ITA"]
[Date "2005.05.26"]
[Round "6"]
[White "Miladinovic, Igor"]
[Black "Ronchetti, Niccolo'"]
[Result "1-0"]
[WhiteElo "2604"]
[BlackElo "2364"]
[PlyCount "81"]
[EventDate "2005.05.21"]

1. d4 Nf6 2. c4 c6 3. Nc3 d5 4. cxd5 cxd5 5. Bf4 Nc6 6. e3 Bf5 7. f3 e6 8. g4
Bg6 9. h4 h5 10. g5 Nd7 11. Bh2 Bb4 12. Nge2 e5 13. a3 Bxc3+ 14. Nxc3 O-O 15.
dxe5 Qb6 16. Nxd5 Qxb2 17. Qc1 Qb3 18. Qc4 Qb2 19. Qa2 Qxa2 20. Rxa2 Ndxe5 21.
Kf2 Bd3 22. Bxd3 Nxd3+ 23. Ke2 Rad8 24. e4 Nde5 25. Rd1 Rfe8 26. Rb2 Rd7 27.
Rbd2 Kf8 28. Nf4 Rxd2+ 29. Rxd2 g6 30. Bg1 b6 31. Nd5 Rd8 32. Rc2 Ne7 33. Bd4
N5c6 34. Ba1 Rc8 35. Rd2 Rd8 36. Bf6 Rd6 37. Ke3 Ke8 38. Bxe7 Rxd5 39. Rxd5
Kxe7 40. f4 Na5 41. Rxa5 1-0

[Event "Torneo Grandi Maestri"]
[Site "Frascati ITA"]
[Date "2005.05.26"]
[Round "6"]
[White "Rombaldoni, Denis"]
[Black "Ortega, Lexy"]
[Result "0-1"]
[WhiteElo "2336"]
[BlackElo "2439"]
[PlyCount "110"]
[EventDate "2005.05.21"]

1. d4 d6 2. Nf3 g6 3. c4 Bg7 4. g3 Nf6 5. Bg2 O-O 6. O-O Nc6 7. Nc3 a6 8. d5
Na5 9. Qd3 c5 10. Rb1 b5 11. cxb5 c4 12. Qc2 axb5 13. Nd4 b4 14. Nd1 Ng4 15.
Nc6 Nxc6 16. dxc6 d5 17. Qd2 Bf5 18. Ra1 b3 19. a3 Nf6 20. Nc3 Qa5 21. Nxd5
Nxd5 22. Qxd5 c3 23. Qxa5 Rxa5 24. e4 Be6 25. bxc3 Bxc3 26. Rb1 Rc8 27. e5 Bxe5
28. Bb2 Bxb2 29. Rxb2 Rxa3 30. Bf3 Ra2 31. Rfb1 Bf5 32. Rxb3 Bxb1 33. Rxb1 Rc2
34. Rb7 e6 35. Rd7 Kg7 36. g4 h6 37. Kg2 Rb8 38. Be4 Rc4 39. f3 Rb2+ 40. Kg3
Rb3 41. Kf2 Rcc3 42. Kg3 Rb4 43. Kf2 g5 44. Ra7 Rb2+ 45. Kg3 Rc1 46. Rb7 Rd2
47. Rb3 Rg1+ 48. Kh3 Rh1 49. Kg3 e5 50. Rb1 Rhxh2 51. Rg1 Rhe2 52. c7 Rc2 53.
Bd3 Red2 54. Bxc2 Rxc2 55. Re1 f6 0-1